| 000 | 00555nam a2200169 4500 | ||
|---|---|---|---|
| 001 | 113448 | ||
| 003 | ES-MaACL | ||
| 005 | 20230906185909.0 | ||
| 007 | t| | ||
| 008 | 061121s1973 sp r ||||1| spa d | ||
| 100 | 1 |
_aPablo _bVI _cPapa, Santo. _9168351 |
|
| 245 | 1 | 0 |
_aRenovación , reconciliación _b: el Papa habla sobre el Año Santo / _cpapa Pablo VI. |
| 260 |
_aMadrid : _bComité Nacional del Año Santo, _c1973. |
||
| 300 |
_a69 p. ; _c19 cm. |
||
| 710 | 2 |
_aComité Nacional del Año Santo (España) _93091 |
|
| 852 |
_aES-MaACL _jC-55711 _bR.88326 |
||
| 999 |
_c113448 _d113448 |
||